[Event "Division de Honor Descenso"]
[Site "Aragon"]
[Date "2011.03.26"]
[Round "8.27"]
[White "Cantin Zaborras Valentin"]
[Black "Galvez Perez Jose Luis"]
[Result "1-0"]
[WhiteElo "2085"]
[BlackElo "1972"]

1.e4 c5 2.Nf3 g6 3.c3 Bg7 4.d4 cxd4 5.cxd4 d5 6.exd5 Nf6 7.Bb5+ Nbd7 8.Nc3 O-O
9.d6 exd6 10.O-O a6 11.Be2 b5 12.Bf4 Nb6 13.h3 Bb7 14.Qb3 Qd7 15.a4 Nxa4 16.
Nxa4 bxa4 17.Rxa4 Nd5 18.Bd2 Rfb8 19.Qa3 Nc7 20.Ra1 Bd5 21.Rb4 Rxb4 22.Qxb4
Re8 23.Bd1 h6 24.Rc1 Nb5 25.Be3 Kh7 26.Ne1 f5 27.Bf3 Be4 28.d5 Qf7 29.Qd2 g5
30.Rc4 Bxf3 31.Nxf3 Qf6 32.b4 f4 33.Bd4 Nxd4 34.Nxd4 Qg6 35.Ne6 Qb1+ 36.Rc1
Qb2 37.Rc2 Qa1+ 38.Kh2 Qe5 39.Qd3+ Kh8 40.Qg6 f3+ 41.g3 Rg8 42.Nxg7 Qxg7 43.
Qxd6 Rf8 44.Rc7 Rf6 45.Qe5 Qf8 46.Rc6 Kg7 47.Rxa6 Kg6 48.Rxf6+ Qxf6 49.Qxf6+
Kxf6 50.b5 Ke5 51.b6 Kd6 52.g4 1-0

[Event "Division de Honor Descenso"]
[Site "Aragon"]
[Date "2011.03.26"]
[Round "8.28"]
[White "Vasilev Vas"]
[Black "Pueyo Marina Gerardo"]
[Result "0-1"]
[WhiteElo "1966"]
[BlackElo "1903"]

1.d4 Nf6 2.Nf3 e6 3.Bg5 c5 4.e3 Be7 5.Nbd2 b6 6.c3 Bb7 7.Bd3 Nc6 8.O-O O-O 9.
a4 Rc8 10.Nc4 d5 11.Nce5 Nd7 12.Nxc6 Bxc6 13.Bf4 f6 14.c4 Nb8 15.Qc2 f5 16.
Bxb8 Rxb8 17.Ne5 Bb7 18.Rad1 Rf6 19.f4 cxd4 20.exd4 Rc8 21.Qb3 Bd6 22.cxd5
Bxd5 23.Bc4 Rxc4 24.Nxc4 Rg6 25.Rd2 Qh4 26.g3 Bxf4 27.Re2 Bxg3 0-1

[Event "Division de Honor Descenso"]
[Site "Aragon"]
[Date "2011.03.26"]
[Round "8.29"]
[White "Fernandez Rubio Rafael"]
[Black "Laliena Solares Luis"]
[Result "0-1"]
[WhiteElo "2054"]
[BlackElo "2208"]

1.f4 g6 2.Nf3 Bg7 3.e3 d5 4.d4 Nh6 5.Be2 O-O 6.O-O Nd7 7.c4 c6 8.Nc3 dxc4 9.
Bxc4 Nb6 10.Be2 Nd5 11.e4 Nxc3 12.bxc3 c5 13.h3 Qa5 14.Bb2 Bd7 15.g4 Kh8 16.
Qb3 Ba4 17.Qa3 cxd4 18.cxd4 b5 19.d5 b4 20.Bxg7+ Kxg7 21.Qb2+ f6 22.g5 Ng8 23.
Nd4 Rfc8 24.Rac1 Rc3 25.Rxc3 bxc3 26.Qb7 Qc5 27.Kh1 Qxd4 28.Qxa8 Qe3 29.Bg4
Qxe4+ 30.Bf3 Qxf4 31.gxf6+ Nxf6 32.Qxa7 Bd7 33.Bg2 Qg3 34.Qc5 Kf7 35.Rf3 Qe1+
36.Kh2 Qe5+ 37.Kg1 Qe1+ 38.Rf1 Qg3 39.Qf2 Qd3 40.Qf3 Qd4+ 41.Kh1 Bf5 42.Qf4
Qxf4 43.Rxf4 Bd3 44.d6 c2 45.Bd5+ Kg7 0-1

[Event "Division de Honor Descenso"]
[Site "Aragon"]
[Date "2011.03.26"]
[Round "8.30"]
[White "Latorre Abad Fernando"]
[Black "Sierra Aguerri Joaquin"]
[Result "1-0"]
[WhiteElo "2100"]
[BlackElo "2051"]

1.e4 d5 2.exd5 Qxd5 3.Nc3 Qa5 4.d4 c6 5.Nf3 Nf6 6.Bc4 Bf5 7.Bd2 e6 8.Qe2 Bb4
9.O-O-O Nbd7 10.a3 Bxc3 11.Bxc3 Qc7 12.Ne5 Ne4 13.Be1 Nxe5 14.dxe5 Qxe5 15.f3
Qf4+ 16.Kb1 Nf6 17.g4 Bxg4 18.fxg4 Qxg4 19.Qxg4 Nxg4 20.Be2 Ne3 21.Rd3 Nd5 22.
Bg3 b5 23.b3 O-O-O 24.Rhd1 Ne7 25.Bf3 Rxd3 26.Rxd3 Rd8 27.Rxd8+ Kxd8 28.Bf2 a6
29.Bc5 Nd5 30.c4 bxc4 31.bxc4 Nc3+ 32.Kc2 Na4 33.Bd4 c5 34.Bxg7 Ke7 35.Be5 Nb6
36.Kd3 Nd7 37.Bc3 Kd6 38.Bb7 a5 39.Bxa5 f5 40.Bc3 e5 41.Bd5 Nf6 42.Ba8 h5 43.
h3 h4 44.a4 Nh5 45.Bd2 Nf6 46.a5 Ne8 47.a6 Kc7 48.a7 1-0

[Event "Division de Honor Descenso"]
[Site "Aragon"]
[Date "2011.03.26"]
[Round "8.31"]
[White "Vera Jimenez Andres"]
[Black "Cobo Garrido Diego Israel"]
[Result "1/2-1/2"]
[WhiteElo "2006"]
[BlackElo "2032"]

1.d4 d5 2.Nf3 Nf6 3.c4 c6 4.Qc2 e6 5.g3 Be7 6.Bg2 O-O 7.O-O Ne4 8.Nc3 f5 9.e3
Nd7 10.Nd2 Qe8 11.f3 Nxd2 12.Bxd2 Nb6 13.b3 dxc4 14.e4 cxb3 15.axb3 Bf6 16.Be3
Nd7 17.Rad1 Qg6 18.f4 Rd8 19.d5 cxd5 20.exd5 Nf8 21.Nb5 b6 22.dxe6 Rb8 23.Rxd8
Bxd8 24.e7 Bxe7 25.Qc7 Qe6 26.Qxb8 Qxe3+ 27.Kh1 Ba6 28.Qe8 Qc5 29.Re1 Bxb5 30.
Qxe7 Qd4 31.Qe3 Qxe3 32.Rxe3 Kf7 33.b4 Nd7 34.Ra3 a6 35.Kg1 Ke6 36.Bf1 Bxf1
37.Kxf1 Nb8 38.Ke2 Kd6 39.Kd3 Nc6 40.Kc3 a5 41.bxa5 bxa5 42.Kc4 Ke6 43.Kc5 Nd8
44.Re3+ Kf6 45.Kd6 Nf7+ 46.Kd7 g5 47.Ra3 gxf4 48.gxf4 Nh6 49.Rxa5 Ng4 50.Ra2
Kf7 51.Rg2 Ne3 52.Rg3 Nd5 53.Rf3 Kf6 54.Kd6 Ne7 55.Rh3 Ng6 56.Rf3 Nh4 57.Rf2
Ng6 58.Kd5 Ne7+ 59.Kd4 Ng6 60.Ke3 Kf7 {ilegible} 1/2-1/2

[Event "Division de Honor Descenso"]
[Site "Aragon"]
[Date "2011.03.26"]
[Round "8.32"]
[White "Sanz Lopez R"]
[Black "Sancho Casale Jesus"]
[Result "1-0"]
[WhiteElo "1935"]
[BlackElo "1932"]

1.d4 Nf6 2.Bg5 Ne4 3.Bf4 c5 4.f3 Qa5+ 5.c3 Nf6 6.Nd2 cxd4 7.Nb3 Qf5 8.Bxb8
Rxb8 9.Nxd4 Qe5 10.e4 a6 11.Nge2 d5 12.exd5 Nxd5 13.Qd2 e6 14.O-O-O Be7 15.f4
Qc7 16.Kb1 b5 17.g3 b4 18.c4 Nc3+ 19.Nxc3 bxc3 20.Qxc3 Bb7 21.Rg1 O-O 22.Bg2
Rfd8 23.Bxb7 Rxb7 24.Nf3 Rc8 25.Ne5 Bd6 26.Ka1 f6 27.Nf3 Bb4 28.Qc2 Qxc4 29.
Rd8+ Rxd8 30.Qxc4 Rbd7 31.Qxe6+ Kf8 32.a3 Rd6 33.Qe4 Bc5 34.Rc1 Re8 35.Qxh7
Bb6 36.Qh8+ Kf7 37.Qh5+ Kf8 38.Ka2 Rd3 39.Qh8+ Kf7 40.Qh5+ Kf8 41.Qg4 Ree3 42.
Nh4 Bd4 43.Nf5 1-0

[Event "Preferente Grupo I"]
[Site ""]
[Date "2011.03.26"]
[Round "8.33"]
[White "Garcia Vicente Nieves"]
[Black "Donoso Sanchez Alejandro"]
[Result "1-0"]
[WhiteElo "2220"]
[BlackElo "2187"]

1.d4 Nf6 2.c4 c5 3.d5 e6 4.Nc3 exd5 5.cxd5 d6 6.e4 g6 7.Bd3 Bg7 8.Nge2 O-O 9.
O-O Re8 10.Ng3 a6 11.a4 Nbd7 12.h3 Qc7 13.f4 b6 14.Bc4 Bb7 15.Qf3 b5 16.axb5
axb5 17.Nxb5 Qb6 18.Rxa8 Rxa8 19.Bd2 Ba6 20.Ra1 Rb8 21.Ba5 Qb7 22.Nxd6 Qa7 23.
Bc3 Rb6 24.Nc8 1-0

[Event "Preferente Grupo I"]
[Site ""]
[Date "2011.03.26"]
[Round "8.34"]
[White "Sanmiguel Mateo Luis"]
[Black "Cabrera Moreno Daniel"]
[Result "0-1"]
[WhiteElo "1950"]
[BlackElo "2193"]

1.e3 Nf6 2.f4 g6 3.b3 Bg7 4.Bb2 d6 5.Nf3 c5 6.Be2 Nc6 7.O-O O-O 8.c4 a6 9.Na3
Rb8 10.d3 b5 11.Qd2 Qa5 12.Nc2 bxc4 13.Qxa5 Nxa5 14.dxc4 Bf5 15.Nfe1 h5 16.Bd3
Ne4 17.Bxg7 Kxg7 18.Nf3 Nc6 19.Nh4 Kf6 20.Nxf5 gxf5 21.Bxe4 fxe4 22.Rad1 a5
23.Rb1 Nb4 24.Nxb4 Rxb4 25.Rf2 Rfb8 26.Rfb2 a4 27.g3 Kf5 28.h3 R8b6 29.Kf2 e6
30.Ke2 d5 31.cxd5 exd5 32.Rd2 d4 33.Rc1 d3+ 34.Ke1 R6b5 35.bxa4 Rxa4 36.Rc3
Ke6 37.a3 Kd5 38.Ra2 Rb1+ 39.Kf2 c4 40.g4 h4 41.g5 Rb3 0-1

[Event "Preferente Grupo I"]
[Site ""]
[Date "2011.03.26"]
[Round "8.35"]
[White "Ferrer Serrano Roberto"]
[Black "Serrano San Nicolas Angel"]
[Result "1-0"]
[WhiteElo "2131"]
[BlackElo "1940"]

1.d4 Nf6 2.c4 c5 3.d5 b5 4.Qc2 bxc4 5.e4 d6 6.Bxc4 g6 7.b3 Bg7 8.Bb2 O-O 9.Nf3
e6 10.dxe6 fxe6 11.e5 Nd5 12.exd6 Nb4 13.Qd2 Bxb2 14.Qxb2 Rxf3 15.gxf3 Qxd6
16.Nd2 N8c6 17.O-O-O Nd3+ 18.Bxd3 Qxd3 19.Ne4 Qxf3 20.Rhe1 c4 21.Qf6 Qxf6 22.
Nxf6+ Kf7 23.Nxh7 cxb3 24.axb3 Rb8 25.Ng5+ Kf6 26.Ne4+ Kg7 27.Re3 e5 28.Rd6
Nd4 29.Rd8 Ne6 30.Re8 1-0

[Event "Preferente Grupo I"]
[Site ""]
[Date "2011.03.26"]
[Round "8.36"]
[White "Juni Pardos Marcos"]
[Black "Cid Royo Oscar"]
[Result "1-0"]
[WhiteElo "1881"]
[BlackElo "2083"]

1.e4 c6 2.d4 d5 3.e5 Bf5 4.Bd3 Bxd3 5.Qxd3 e6 6.Nf3 c5 7.c3 Nc6 8.O-O Qb6 9.a3
c4 10.Qc2 Nge7 11.Nbd2 Na5 12.Rb1 Nec6 13.Kh1 Nb3 14.Nxb3 Qxb3 15.Qxb3 cxb3
16.Be3 Na5 17.Nd2 Rc8 18.Rfc1 Kd7 19.Kg1 Be7 20.Kf1 Rc6 21.Ke2 Rhc8 22.Kd3 b5
23.g3 f6 24.f4 f5 25.h4 Ke8 26.Ra1 Kf7 27.Rg1 h5 28.Rgf1 Ke8 29.Rg1 Kd7 30.
Rgf1 Kc7 31.Rg1 Kb6 32.Rgf1 Nc4 33.Nxc4+ dxc4+ 34.Ke2 Kb7 35.Bd2 Ra6 36.Rfd1
Kc6 37.Ke3 Kd5 38.Be1 Ra4 39.Bd2 a5 40.Re1 Ra8 41.Red1 b4 42.axb4 axb4 43.Rab1
bxc3 44.Bxc3 Bd8 45.Re1 Ra2 46.Kd2 Bb6 47.Ke3 Ba5 48.Kd2 Bb6 49.Ke3 Kc6 50.
Red1 Rd8 51.Rd2 Ba5 52.Bxa5 Rxa5 53.Rdd1 Kb5 54.Rdc1 Kb4 55.Rc3 Ra2 56.Rcc1
Rd5 57.Rd1 c3 58.bxc3+ Kxc3 59.Rd3+ Kc2 60.Rbxb3 Kc1 61.Rbc3+ Rc2 62.Rb3 Rc4
63.Rdc3+ Rxc3+ 64.Rxc3+ Kd1 65.Rc6 Rb5 66.Kd3 Rb3+ 67.Kc4 Rxg3 68.Rxe6 Rg4 69.
d5 Rxf4+ 70.Kc5 Rf2 71.d6 Rc2+ 72.Kb4 Rd2 73.d7 Rxd7 74.Rd6+ 1-0

[Event "Preferente Grupo I"]
[Site ""]
[Date "2011.03.26"]
[Round "8.37"]
[White "Forcen Esteban Victor"]
[Black "Naya Sancho Jose Ignacio"]
[Result "0-1"]
[WhiteElo "1945"]
[BlackElo "2124"]

1.e4 e5 2.Nf3 Nc6 3.d4 exd4 4.Nxd4 g6 5.Nc3 Bg7 6.Be3 Nf6 7.Bc4 d6 8.O-O O-O
9.Qd2 Re8 10.f3 Ne5 11.Bb3 a6 12.a3 c5 13.Nde2 c4 14.Ba2 Qc7 15.Nf4 Be6 16.
Rad1 Bf8 17.h3 b5 18.Ncd5 Nxd5 19.Nxd5 Bxd5 20.Qxd5 Qc6 21.Bf4 Rac8 22.Rd2 c3
23.bxc3 Qxd5 24.Rxd5 Rxc3 25.Bb3 Nc4 26.Bd2 Nxd2 27.Rxd2 Rec8 28.Rfd1 a5 29.a4
bxa4 30.Bxa4 Ra3 31.Bb5 Rac3 32.Ba4 Ra3 33.Bb3 a4 34.Bd5 Bh6 35.Re2 Bf4 36.Rb1
Rac3 37.Ra1 Rxc2 38.Rxc2 Rxc2 39.Rxa4 Kg7 40.Ra7 Be3+ 41.Kh2 Bxa7 42.h4 f6 43.
Kh3 Bd4 44.Kg3 Be5+ 45.Kh3 h5 0-1

[Event "Preferente Grupo I"]
[Site ""]
[Date "2011.03.26"]
[Round "8.38"]
[White "Campo Millan Diego"]
[Black "Galvez Rubio David"]
[Result "1-0"]
[WhiteElo "2108"]
[BlackElo "1908"]

1.e4 e5 2.f4 Bc5 3.Nf3 d6 4.c3 Nf6 5.fxe5 dxe5 6.d4 exd4 7.cxd4 Bb4+ 8.Nc3 O-O
9.e5 Ne4 10.Qc2 Nxc3 11.bxc3 Be7 12.Bd3 g6 13.Bh6 Re8 14.O-O Be6 15.Rab1 b6
16.Be4 Bd5 17.c4 Bxe4 18.Qxe4 Nd7 19.Qf4 f5 20.g4 fxg4 21.Ng5 Rf8 22.Bxf8 Qxf8
23.Qxg4 Qe8 24.Qe6+ Kh8 25.Nxh7 1-0

[Event "Preferente Grupo I"]
[Site ""]
[Date "2011.03.26"]
[Round "8.40"]
[White "Dominguez Luzon Fernando"]
[Black "Anton Caturla Sergio"]
[Result "1-0"]
[WhiteElo "2006"]
[BlackElo "1855"]

1.e4 e5 2.Nf3 Nc6 3.Bb5 a6 4.Ba4 b5 5.Bb3 Nf6 6.d4 exd4 7.e5 Ne4 8.O-O Be7 9.
Nxd4 Nc5 10.Bd5 Bb7 11.Bf4 Nxd4 12.Bxb7 Nxb7 13.Qxd4 Nc5 14.Qd5 O-O 15.Nc3 c6
16.Qd2 f6 17.Rad1 fxe5 18.Bxe5 d5 19.Qd4 Ne6 20.Qg4 Qc8 21.f4 Bf6 22.Rde1 Nc5
23.Qg3 Qf5 24.a3 Ne4 25.Nxe4 dxe4 26.Bxf6 Rxf6 27.Rd1 Qc5+ 28.Kh1 Re8 29.Qb3+
Kh8 30.Rfe1 Rxf4 31.Re3 Qf5 32.h3 Rf2 33.Qc3 Qg5 34.Rg3 Qf6 35.Qc5 e3 36.Rxe3
Rf8 37.Ree1 Qxb2 38.Qxf2 1-0

[Event "Preferente Grupo I"]
[Site ""]
[Date "2011.03.26"]
[Round "8.41"]
[White "Malo Guillen Jose Luis"]
[Black "Lana Rodriguez David"]
[Result "0-1"]
[WhiteElo "2183"]
[BlackElo "2227"]

1.d4 c5 2.c3 b6 3.dxc5 bxc5 4.Qd5 Nc6 5.Qxc5 e5 6.Qc4 a5 7.Nf3 Ba6 8.Qa4 Bc5
9.Nbd2 Nf6 10.Ne4 Nxe4 11.Qxe4 d5 12.Qf5 Qe7 13.e3 g6 14.Qc2 Bxf1 15.Kxf1 O-O
16.e4 Rad8 17.Bg5 f6 18.Bh6 Rf7 19.h4 Qb7 20.exd5 Rxd5 21.Rh3 Ne7 22.Re1 Nf5
23.Bc1 h5 24.Nd2 Qa6+ 25.Kg1 Kg7 26.Ne4 Ba7 27.Rd1 Rxd1+ 28.Qxd1 Qc4 29.Nd2
Rd7 30.Qf3 Qxa2 31.g4 hxg4 32.Qxg4 Qf7 33.h5 Nh6 34.Qe2 gxh5 35.Nf3 Ng4 36.Rg3
Qd5 37.Nd2 Kf7 38.Rf3 e4 39.Nxe4 Qd1+ 40.Qxd1 Rxd1+ 41.Kg2 Rxc1 42.Rf5 Kg6 43.
Rxa5 Bxf2 44.b4 Rc2 45.Kf3 Be1 46.Rc5 Ne5+ 47.Ke3 h4 48.Rc8 h3 49.Rh8 h2 50.
Kd4 Nf3+ 51.Kd3 Rb2 52.c4 Nh4 0-1

[Event "Preferente Grupo I"]
[Site ""]
[Date "2011.03.26"]
[Round "8.42"]
[White "Aparicio Navarro Pedro Jose"]
[Black "Alonso Blasco Jose Miguel"]
[Result "1-0"]
[WhiteElo "2179"]
[BlackElo "2103"]

1.c4 Nf6 2.Nc3 e6 3.Nf3 Bb4 4.g3 b6 5.Bg2 Bb7 6.O-O O-O 7.a3 Bxc3 8.bxc3 d6 9.
d3 Nbd7 10.e4 Qe7 11.Qe2 e5 12.Nh4 g6 13.Bh6 Rfe8 14.Bg5 Qf8 15.Qd2 Nh5 16.Bh3
Nc5 17.Bg4 Ng7 18.f4 Nb3 19.Qd1 Nxa1 20.f5 Bc8 21.fxg6 Bxg4 22.gxh7+ Kxh7 23.
Qxg4 Re6 24.Nf5 Rae8 25.Qh4+ Kg8 26.Bf6 Rxf6 27.Qxf6 Re6 28.Qxg7+ Qxg7 29.Nxg7
Kxg7 30.Rxa1 Rh6 31.Rf1 f6 32.Kg2 Kg6 33.Rf5 Rh8 34.g4 Rb8 35.a4 a6 36.Rf2 Rh8
37.Kg3 Kg5 38.h4+ Kg6 39.d4 Re8 40.Kf3 Re7 41.Rd2 Rf7 42.Ke3 Rh7 43.Rh2 Rh8
44.Kf3 Rh7 45.Kg3 Re7 46.d5 a5 47.Rf2 c6 48.h5+ Kg7 49.Rb2 cxd5 50.cxd5 Rc7
51.Rxb6 Rxc3+ 52.Kh4 Rc4 53.Rxd6 Rxe4 54.Rd7+ Kg8 55.h6 f5 56.Kg5 Rxg4+ 57.
Kxf5 Rxa4 58.h7+ Kh8 59.Kxe5 Rh4 60.Ra7 a4 61.d6 Rh5+ 62.Ke6 Rh6+ 63.Kd5 Rh5+
64.Kc6 Rh1 65.Rxa4 Rc1+ 66.Kd5 Rc8 67.d7 1-0

[Event "Preferente Grupo I"]
[Site ""]
[Date "2011.03.26"]
[Round "8.43"]
[White "Javierre Conesa Alfonso"]
[Black "Munoz Munoz Juan Carlos"]
[Result "1/2-1/2"]
[WhiteElo "2058"]
[BlackElo "2103"]

1.d4 g6 2.c4 Bg7 3.Nc3 d6 4.Nf3 Nd7 5.g3 e5 6.e4 Ngf6 7.Bg2 O-O 8.O-O Re8 9.h3
c6 10.Re1 a5 11.Be3 exd4 12.Nxd4 Nc5 13.Qc2 a4 14.Rab1 a3 15.b3 Qe7 16.Rbd1
Na6 17.Qb1 Nb4 18.Nc2 Ng4 19.Bd4 Bxd4 20.Nxd4 Ne5 21.f4 Nd7 22.Nc2 Nxc2 23.
Qxc2 Nc5 24.Re2 Na6 25.Red2 Nb4 26.Qc1 Rd8 27.e5 d5 28.cxd5 cxd5 29.Nxd5 Nxd5
30.Rxd5 Be6 31.Rxd8+ Rxd8 32.Rxd8+ Qxd8 33.Qxa3 Qd4+ 34.Kh2 b5 35.Qa8+ Kg7 36.
a4 bxa4 37.bxa4 h5 38.h4 Bc4 39.a5 Qa1 40.Qa7 Qa2 41.Qa8 Bf1 42.Qd5 Bc4 43.Qd4
Kh7 44.Qe4 Bf1 45.f5 Bxg2 46.fxg6+ fxg6 47.Qxg2 Qxa5 48.Qe2 Qc5 49.e6 Qe7 50.
Kg2 Kg7 51.Qe3 Kg8 52.Qe5 Kh7 53.Qd5 Kg7 54.Kf3 Kf8 55.Kf4 Qc7+ 56.Qe5 Qc1+
57.Qe3 Qxe3+ 58.Kxe3 Ke7 1/2-1/2

[Event "Preferente Grupo I"]
[Site ""]
[Date "2011.03.26"]
[Round "8.44"]
[White "Prat Guisado Christian"]
[Black "Mombiela de Sus Jose Luis"]
[Result "1/2-1/2"]
[WhiteElo "2055"]
[BlackElo "2018"]

1.d4 f5 2.c4 Nf6 3.Nc3 e6 4.Nf3 b6 5.Bf4 Bb7 6.e3 Bb4 7.Be2 Ne4 8.Qb3 Bxc3+ 9.
bxc3 c5 10.O-O Nc6 11.Qb2 O-O 12.dxc5 Na5 13.cxb6 Qxb6 14.Qxb6 axb6 15.Ne5
Rfd8 16.Bd3 d6 17.Nf3 e5 18.Bg5 Rd7 19.Rad1 Rf7 20.Bxe4 fxe4 21.Nd2 h6 22.Bh4
g5 23.Bg3 h5 24.h4 g4 25.Rb1 Ra6 26.Rb2 Bc6 27.Rfb1 Rb7 28.Rb4 Kf7 29.Nb3 Nxb3
30.R4xb3 Ke6 31.a3 Ra4 32.c5 b5 33.cxd6 Rd7 34.Rd1 Rxd6 35.Rxd6+ Kxd6 36.Kf1
Bd5 37.Rb1 Rxa3 38.Ke1 Bc4 39.Kd2 Bd3 40.Rb2 Bc4 41.Kc2 Kd5 42.Kd2 Ra7 43.Kc2
Rf7 44.Kd2 Rf6 45.Rb1 Ra6 46.Rb2 Ra1 47.Kc2 Rg1 48.Kd2 Rxg2 49.Rb1 Bd3 50.Ra1
Kc4 51.Ra3 Rg1 52.Bxe5 Rb1 53.Bg3 Rb2+ 54.Ke1 Re2+ 55.Kd1 Rc2 56.Be5 Rxf2 57.
Ra8 Rc2 58.Rh8 Ra2 1/2-1/2

[Event "Preferente Grupo I"]
[Site ""]
[Date "2011.03.26"]
[Round "8.45"]
[White "Antonano Fernandez Avelino"]
[Black "Colom Sienes Eduardo"]
[Result "1-0"]
[WhiteElo "2144"]
[BlackElo "2026"]

1.Nf3 e6 2.b3 d5 3.Bb2 c5 4.e3 Nf6 5.Ne5 a6 6.Bd3 Bd6 7.f4 Qc7 8.O-O Nbd7 9.
Nxd7 Bxd7 10.c4 dxc4 11.bxc4 b5 12.Nc3 Rb8 13.cxb5 axb5 14.Ne4 Bc6 15.Nxf6+
gxf6 16.Bxf6 Rg8 17.Rf2 Qb7 18.g3 Be4 19.Qc2 Bg6 20.f5 exf5 21.Bxf5 Qd5 22.
Raf1 Ra8 23.e4 Bxf5 24.Rxf5 Qxa2 25.Qd3 Qa6 26.Be5 Rg6 27.Rxf7 Rd8 28.Qd5 Rc8
29.Rxh7 1-0

[Event "Preferente Grupo I"]
[Site ""]
[Date "2011.03.26"]
[Round "8.46"]
[White "Sanmartin Agustin Alvaro"]
[Black "Najera de Miguel Pedro"]
[Result "1-0"]
[WhiteElo "1994"]
[BlackElo "2020"]

1.e4 c5 2.Nf3 d6 3.d4 Nf6 4.Nc3 cxd4 5.Qxd4 e5 6.Bb5+ Nbd7 7.Qd3 h6 8.Be3 a6
9.Ba4 b5 10.Bb3 Bb7 11.a4 b4 12.Nd5 Bxd5 13.Bxd5 Nxd5 14.Qxd5 Rc8 15.Qd3 Be7
16.Qxa6 Rxc2 17.Qd3 Qc7 18.O-O O-O 19.Rfc1 Rxc1+ 20.Rxc1 Qb7 21.Qb5 Rb8 22.
Qxb7 Rxb7 23.a5 Nb8 24.Nd2 f6 25.Rc8+ Kf7 26.Nc4 Ke6 27.Nb6 f5 28.Rxb8 Rxb8
29.a6 fxe4 30.a7 Rd8 31.a8=Q Rxa8 32.Nxa8 d5 33.Nc7+ Kd6 34.Ne8+ Kc6 35.Nxg7
Bg5 36.Nf5 d4 37.Bxg5 hxg5 38.b3 Kd5 39.Kf1 Ke6 40.g4 Kd5 41.Ke2 Ke6 42.Ne3
dxe3 43.Kxe3 Kd5 44.h3 Kd6 45.Kxe4 Ke6 46.f3 Kd6 47.Kf5 Kd5 48.Kxg5 Kd4 49.h4
Ke3 50.h5 1-0

[Event "Preferente Grupo I"]
[Site ""]
[Date "2011.03.26"]
[Round "8.47"]
[White "Cebollada Pacheco Jesus Raul"]
[Black "Gomez Salinas Nestor"]
[Result "1-0"]
[WhiteElo "1999"]
[BlackElo "1845"]

1.e4 c5 2.Nf3 d6 3.d4 cxd4 4.Nxd4 Nf6 5.Nc3 a6 6.f3 e5 7.Nb3 Be6 8.Be3 Nbd7 9.
Qd2 b5 10.O-O-O Nb6 11.Qf2 Nc4 12.Bxc4 bxc4 13.Na5 Qd7 14.g4 Be7 15.g5 Nh5 16.
Nd5 Bxd5 17.Rxd5 Qa4 18.Kb1 Rb8 19.Qe2 c3 20.b3 O-O 21.Qc4 Qxc4 22.Nxc4 Nf4
23.Bxf4 exf4 24.h4 Rb5 25.Rhd1 Rd8 26.a4 Rxd5 27.Rxd5 g6 28.Kc1 f6 29.Kd1 fxg5
30.hxg5 Rc8 31.Ra5 Rc5 32.Rxa6 Rxg5 33.a5 d5 34.exd5 Rxd5+ 35.Ke2 g5 36.Re6
Kf7 37.Re5 Rd8 38.a6 Ra8 39.Ra5 Ra7 40.Ne5+ Ke6 41.Nc6 Ra8 42.Re5+ Kd6 43.Rxe7
Kxc6 44.Rxh7 Kb5 45.a7 Kb4 46.Rb7+ Ka3 47.Kd3 Kb2 48.Rd7 Rc8 49.b4 Re8 50.b5
g4 51.fxg4 f3 52.Rf7 Rd8+ 53.Ke3 Kxc2 54.b6 Re8+ 55.Kxf3 Kd1 56.Rc7 c2 57.Rxc2
Kxc2 58.b7 1-0

[Event "Preferente Grupo I"]
[Site ""]
[Date "2011.03.27"]
[Round "8.48"]
[White "Iglesias Fernandez Luis"]
[Black "Lafarga Bueno Daniel"]
[Result "1-0"]
[WhiteElo "1838"]
[BlackElo "1889"]

1.d4 Nf6 2.Bg5 d5 3.e3 e6 4.Nf3 Be7 5.Bd3 O-O 6.O-O Nbd7 7.Nbd2 c5 8.c3 b6 9.
Ne5 Nxe5 10.dxe5 Nd7 11.Bxe7 Qxe7 12.f4 f6 13.exf6 Qxf6 14.Nf3 Bb7 15.Qa4 Qe7
16.Qc2 h6 17.Bb5 Nf6 18.Ne5 Rfd8 19.Qg6 d4 20.exd4 cxd4 21.cxd4 Rxd4 22.Bc6
Rd2 23.Bxb7 Qxb7 24.Rf3 Rad8 25.Ng4 Rd1+ 26.Rxd1 Rxd1+ 27.Rf1 Rxf1+ 28.Kxf1
Nxg4 29.Qxg4 {Resto mal anotado. Ganaron blancas en los apuros.} 1-0

[Event "Preferente Grupo I"]
[Site ""]
[Date "2011.03.26"]
[Round "8.50"]
[White "Alcon Herrero Javier"]
[Black "Martin Catalan Juan Vicente"]
[Result "1/2-1/2"]
[WhiteElo "2095"]
[BlackElo "2069"]

1.d4 Nf6 2.Nf3 g6 3.c4 c5 4.d5 b5 5.cxb5 a6 6.e3 axb5 7.Bxb5 Ba6 8.Bxa6 Rxa6
9.Nc3 d6 10.Nd2 Bg7 11.O-O O-O 12.Nc4 Nbd7 13.Qd3 Qa8 14.Rd1 Nb6 15.Nxb6 Rxb6
16.a4 Rfb8 17.Ra3 Rb4 18.Qc2 Nd7 19.b3 c4 20.bxc4 Nc5 21.Nb5 Rxa4 22.Rxa4 Qxa4
23.Qxa4 Nxa4 24.Rd2 Nb6 25.Na3 Bc3 26.Rc2 Bb4 27.f3 Rc8 28.e4 Bxa3 29.Bxa3
Rxc4 30.Rb2 Nc8 31.Rb8 f6 32.Kf2 Kf7 33.Bb4 Rc7 34.Ke3 Rc2 35.Kd3 Rc7 36.h4
Ke8 37.Ba5 Rc5 38.Bb6 Rc1 39.Be3 Rc7 40.g4 Kf7 41.g5 Kg7 42.gxf6+ Kxf6 43.Bd4+
e5 44.Be3 Ke7 45.f4 exf4 46.Bxf4 Kd7 47.Bd2 Ra7 48.Kd4 Kc7 49.Rb2 Ra3 50.Rc2+
Kd7 51.Bc3 Rb3 52.Ke3 Nb6 53.Kf4 Ke7 54.Bd4 Nd7 55.Rc7 h6 56.e5 dxe5+ 57.Bxe5
Rb4+ 58.Kg3 g5 59.hxg5 hxg5 60.Bc3 Rb3 61.Kg4 Kd6 1/2-1/2

[Event "Preferente Grupo I"]
[Site ""]
[Date "2011.03.26"]
[Round "8.51"]
[White "Barcena Laguia Francisco"]
[Black "Gargallo Serrano David"]
[Result "1/2-1/2"]
[WhiteElo "1915"]
[BlackElo "1812"]

1.d4 d5 2.Nf3 e6 3.Bf4 c5 4.e3 Nf6 5.Nbd2 cxd4 6.exd4 Bd6 7.Ne5 O-O 8.Bd3 Qb6
9.Nb3 Nc6 10.Rb1 Nb4 11.a3 Nxd3+ 12.Qxd3 Nd7 13.O-O f6 14.Nxd7 Bxd7 15.Bxd6
Qxd6 16.Rfe1 b6 17.Nd2 Rac8 18.c4 Rfe8 19.cxd5 Qxd5 20.Qe3 Bc6 21.Nf3 Rcd8 22.
Rbc1 e5 23.dxe5 Rxe5 24.Qc3 Rxe1+ 25.Nxe1 Re8 26.Nf3 Bb7 27.Qd4 Qe6 28.Qf4 g5
29.Qg3 Kf8 30.h3 Re7 31.Nd4 Qd5 32.Nf3 Kf7 33.Kh2 Qd7 34.Rc2 Be4 35.Rc3 h6 36.
h4 Kg6 37.Re3 Bxf3 38.Rxe7 Qxe7 39.Qxf3 Qe5+ 40.Kh3 h5 41.hxg5 fxg5 42.g4
hxg4+ 43.Kxg4 Qd4+ 44.Kg3 Qxb2 45.Qc6+ Kh5 46.Qf3+ Kg6 47.Qd3+ Kh5 48.Qf3+ Kh6
49.Qc6+ 1/2-1/2

[Event "Preferente Grupo I"]
[Site ""]
[Date "2011.03.26"]
[Round "8.52"]
[White "Sancho Mateo Jose Vicente"]
[Black "Abancens Fernandez Bernardo"]
[Result "0-1"]
[WhiteElo "1515"]
[BlackElo "1500"]

1.f4 d5 2.e3 c5 3.d4 Nf6 4.Nc3 Nc6 5.Nf3 Bf5 6.Bd3 Ne4 7.Bxe4 dxe4 8.Ne5 cxd4
9.Nxc6 bxc6 10.exd4 Qd7 11.h3 h5 12.Be3 Rb8 13.b3 e6 14.Qd2 Ba3 15.Nb1 Bb2 16.
Nc3 Bxa1 17.O-O Bxc3 18.Qxc3 Qd5 19.Qb2 O-O 20.Qa3 Rfd8 21.Qxa7 Ra8 22.Qe7 f6
23.a4 Qd6 24.Qb7 Rdb8 25.Qxa8 Rxa8 26.c4 Qb4 27.Kh2 Qxb3 28.Bf2 Qxc4 29.Rb1 e3
30.Rf1 Qxf1 31.Bxe3 Be4 32.Kg3 Qxg2+ 33.Kh4 Bf5 34.Kxh5 Qxh3# 0-1

[Event "Preferente Grupo II"]
[Site ""]
[Date "2011.03.26"]
[Round "8.53"]
[White "Ansola Marquinez Alberto"]
[Black "Garcia Lopez Alberto J"]
[Result "1-0"]
[WhiteElo "2090"]
[BlackElo "1977"]

1.Nc3 Nf6 2.e4 d6 3.d4 g6 4.f3 Bg7 5.Be3 Nbd7 6.Nge2 O-O 7.Qd2 c6 8.Bh6 b5 9.
h4 e5 10.Bxg7 Kxg7 11.h5 Qe7 12.O-O-O a5 13.dxe5 dxe5 14.g4 Nb6 15.Qd6 Qxd6
16.h6+ Kg8 17.Rxd6 Nfd7 18.Rxc6 b4 19.Nb5 Ba6 20.Ng3 a4 21.Nd6 b3 22.cxb3 axb3
23.a3 Rfd8 24.Bxa6 Rxa6 25.Nc4 Nxc4 26.Rxc4 Rd6 27.Rc3 Nb6 28.Rxb3 Rc8+ 29.Rc3
Rxc3+ 30.bxc3 Rd3 31.Kc2 Rxf3 32.Rb1 Nd7 33.Rd1 Rxg3 34.Rxd7 Kf8 35.Rd8+ Ke7
36.Rh8 Rxg4 37.Kd3 f5 38.Rxh7+ Kf6 39.exf5 gxf5 40.Ra7 Rh4 41.h7 Ke6 42.a4 Kd5
43.a5 Rh3+ 44.Ke2 e4 45.Rb7 f4 46.a6 Rh2+ 47.Kf1 Kc6 48.Kg1 Rh6 49.Re7 e3 50.
a7 1-0

[Event "Preferente Grupo II"]
[Site ""]
[Date "2011.03.26"]
[Round "8.54"]
[White "Lucea Valero Alejandro"]
[Black "Garcia Asenjo Antonio"]
[Result "1/2-1/2"]
[WhiteElo "1953"]
[BlackElo "2017"]

1.d4 e6 2.c4 f5 3.Nc3 Nf6 4.Nf3 Be7 5.e3 O-O 6.Bd3 d5 7.O-O c6 8.Ne5 Nbd7 9.f4
Ne4 10.Bxe4 fxe4 11.c5 Qe8 12.b4 Nxe5 13.fxe5 Rxf1+ 14.Qxf1 Bd7 15.Bd2 Qg6 16.
Qe2 Rf8 17.Rf1 Rf5 18.a4 Qf7 19.Bc1 Bd8 20.a5 Rxf1+ 21.Qxf1 Qxf1+ 22.Kxf1 Kf7
23.Kf2 Bc8 24.Bd2 Bh4+ 25.g3 Bd8 26.Ne2 Bd7 27.Nc3 Be8 28.Ne2 Ke7 29.Nf4 g5
30.Ne2 Bh5 31.Nc3 Bf3 32.Ne2 Kd7 33.Nc3 Kc7 34.b5 Kd7 35.b6 a6 36.Ne2 Ke8 37.
Ng1 Bh5 38.h3 Kf7 39.g4 Bg6 40.Kg3 h5 41.Ne2 1/2-1/2

[Event "Preferente Grupo II"]
[Site ""]
[Date "2011.03.26"]
[Round "8.55"]
[White "Argueso Pascual Jorge"]
[Black "Buil Montanes Carlos"]
[Result "1-0"]
[WhiteElo "2000"]
[BlackElo "1903"]

1.d4 d5 2.Nf3 Nf6 3.c4 dxc4 4.Nc3 c5 5.e3 Bg4 6.Bxc4 e6 7.Qa4+ Nbd7 8.Ne5 a6
9.dxc5 Bf5 10.Nxd7 Nxd7 11.e4 Bg6 12.Be3 Rc8 13.Rd1 Bxc5 14.Bxc5 Rxc5 15.Bb3
Qc8 16.O-O b5 17.Qd4 e5 18.Qd6 Rc6 19.Qb4 Nf6 20.Rd2 Rc5 21.Rfd1 O-O 22.f3 h6
23.Qa5 Rc6 24.Bd5 Qc7 25.Qxc7 Rxc7 26.a3 Rb8 27.Ba2 Rc5 28.Rd8+ Rxd8 29.Rxd8+
Kh7 30.Ra8 Rc6 31.Ra7 Kg8 32.Kf2 Rb6 33.Ke3 b4 34.axb4 Rxb4 35.b3 Rb6 36.Na4
Rc6 37.Kd2 Rd6+ 38.Ke3 Rc6 39.Ra8+ Kh7 40.Bb1 Nd7 41.Bd3 Nc5 42.Nxc5 Rxc5 43.
Rxa6 f6 44.Bc4 Be8 45.Ra8 Bb5 46.Ra5 Bxc4 47.Rxc5 Bxb3 48.g3 Bf7 49.f4 exf4+
50.gxf4 1-0

[Event "Preferente Grupo II"]
[Site ""]
[Date "2011.03.26"]
[Round "8.56"]
[White "Minguez Guinda Andres"]
[Black "Ruiz Gutierrez Manuel"]
[Result "1/2-1/2"]
[WhiteElo "1896"]
[BlackElo "1870"]

1.e4 c5 2.Nf3 d6 3.d4 cxd4 4.Nxd4 Nf6 5.Nc3 g6 6.Be2 Bg7 7.O-O O-O 8.Be3 a6 9.
Qd2 Nc6 10.Nb3 Re8 11.h3 Bd7 12.Rad1 Na5 13.f4 Nxb3 14.axb3 Bc6 15.Bf3 Qc7 16.
Qf2 Nd7 17.g4 Rac8 18.h4 b5 19.b4 Bb7 20.Rd3 Qc4 21.e5 Bxf3 22.Qxf3 Qxb4 23.
Qb7 Nc5 24.Bxc5 Qxc5+ 25.Kh1 Qc6+ 26.Qxc6 Rxc6 27.Re1 dxe5 28.fxe5 b4 29.Nd5
Rxc2 30.Nxb4 Rxb2 31.Nxa6 Rc8 32.Rd7 Rcc2 33.Rd8+ Bf8 34.Nb8 Rh2+ 35.Kg1 Rbg2+
36.Kf1 Rxg4 37.Nd7 Rh1+ 38.Kf2 Rxe1 39.Nxf8 Kg7 40.Kxe1 Re4+ 41.Kf2 Rxe5 42.
Kf3 h5 43.Re8 e6 44.Nd7 Rd5 45.Re7 g5 46.hxg5 Rxg5 47.Kf4 Ra5 48.Ne5 Ra4+ 49.
Kg5 Ra5 50.Rxf7+ Kg8 51.Kxh5 Rxe5+ 52.Kg6 Rg5+ 53.Kxg5 Kxf7 1/2-1/2